• 首页
  • 本馆介绍
  • 公告通知
  • 最新文献
  • 馆藏检索
  • 电子资源
  • 读者导购
  • 参考咨询
  • 我的图书馆
  • 登录
  • 详细信息显示
  • 放入我的书架
  • 预约/预借图书
  • 作者相关作品
  • 分类相关作品
  • 丛书相关作品
  • 出版社相关作品

书目信息

  • 表格格式
  • 工作单格式
  • 卡片格式
题名:
Maya特效技术实战完全攻略
    
 
作者: 姚明 编著
分册:  
出版信息: 北京   清华大学出版社  2016
页数: 259页
开本: 26cm
丛书名:
单 册:
中图分类: TP391.414 , TP391.41
科图分类:
主题词: 三维动画软件
电子资源:
ISBN: 978-7-302-44172-4
000 00822nam0 2200241 450
001 4528
005 20181012110257.44
010    @a978-7-302-44172-4@dCNY69.00
100    @a20161213d2016 em y0chiy50 ea
101 0  @achi
102    @aCN@b110000
105    @aa z 000yy
200 1  @aMaya特效技术实战完全攻略@9Maya te xiao ji shu shi zhan wan quan gong lue@f姚明编著
210    @a北京@c清华大学出版社@d2016
215    @a259页@c彩图@d26cm
330    @a本书介绍Maya特效的各类命令和应用技巧。本书分5部分共13个章节,每一章的内容,除了基本操作和参数介绍之外,还有针对性的实例,以帮助读者深入理解特效模块各部分的功能。
606 0  @a三维动画软件
610 0  @aMaya
690    @aTP391.414@v5
690    @aTP391.41@v4
701  0 @a姚明@9yao ming@4编著
801  0 @aCN@b91MARC@c20161213
905    @aMuseLib@dTP391.41@e1596
    
    Maya特效技术实战完全攻略/姚明编著.-北京:清华大学出版社,2016
    259页:彩图;26cm
    
    
    ISBN 978-7-302-44172-4:CNY69.00
    本书介绍Maya特效的各类命令和应用技巧。本书分5部分共13个章节,每一章的内容,除了基本操作和参数介绍之外,还有针对性的实例,以帮助读者深入理解特效模块各部分的功能。
●
相关链接 在E读中查询图书 在五车中查询图书 在当当中查询图书 在豆瓣中查询图书


正题名:Maya特效技术实战完全攻略     索取号:TP391.41/1596         预约/预借

序号 登录号 条形码 馆藏地/架位号 状态 备注
1 1125556   211255568   第二样本阅览室/ [索取号:TP391.41/1596] 在馆    
2 1125557   211255577   第三借阅区/ [索取号:TP391.41/1596] 在馆    
3 1125558   211255586   第三借阅区/ [索取号:TP391.41/1596] 在馆    
4 1125559   211255595   第三借阅区/ [索取号:TP391.41/1596] 在馆    
5 1125560   211255602   第三借阅区/ [索取号:TP391.41/1596] 在馆    
唐山师范学院图书馆 欢迎您!
大连网信软件有限公司© 版权所有